[Event "Bielefelder SK 1 - Elberfelder SG 1"]
[Site "NRW-Klasse, Gruppe 1 2013/201"]
[Date "2013.12.08"]
[Round "4.3"]
[White "Noetzel, Frank"]
[Black "Simon, Hans Christian"]
[Result "1-0"]
[WhiteElo "2120"]
[BlackElo "2143"]
[PlyCount "55"]
[EventDate "2013.??.??"]
[WhiteTeam "Elberfelder SG 1"]
[BlackTeam "Bielefelder SK 1"]

1. e4 e5 2. d4 exd4 3. Qxd4 Nc6 4. Qe3 Nf6 5. Nc3 Bb4 6. Bd2 O-O 7. O-O-O Re8
8. Qg3 Nxe4 9. Nxe4 Rxe4 10. c3 Be7 11. f4 d5 12. Nf3 Bf6 13. Bd3 Re8 14. h4
Ne7 15. Ng5 h6 16. Qf3 Bf5 17. g4 Bxd3 18. Qxd3 hxg5 19. hxg5 Bxg5 20. Qh7+ Kf8
21. Qh8+ Ng8 22. fxg5 Qd6 23. Rh7 Qg6 24. Rdh1 Ke7 25. Rxg7 Qd3 26. g6 Kd6 27.
gxf7 Re2 28. Rd1 1-0

[Event "Bielefelder SK 1 - Elberfelder SG 1"]
[Site "NRW-Klasse, Gruppe 1 2013/201"]
[Date "2013.12.08"]
[Round "4.4"]
[White "Goeßling, Guido"]
[Black "Maj, Kornel"]
[Result "0-1"]
[WhiteElo "2143"]
[BlackElo "1888"]
[PlyCount "72"]
[EventDate "2013.??.??"]
[WhiteTeam "Bielefelder SK 1"]
[BlackTeam "Elberfelder SG 1"]

1. e4 c5 2. Nf3 d6 3. d4 cxd4 4. Nxd4 Nf6 5. Nc3 g6 6. f3 Bg7 7. Be3 Nc6 8. Qd2
O-O 9. O-O-O d5 10. Qe1 e5 11. Nxc6 bxc6 12. exd5 Nxd5 13. Bc4 Be6 14. Ne4 Qc8
15. Bc5 Rd8 16. g4 Nf4 17. Qc3 Rxd1+ 18. Rxd1 Bd5 19. Kb1 Qe6 20. Bb3 a5 21.
Ng5 Qf6 22. Ne4 Qe6 23. Ng5 Qd7 24. Qd2 a4 25. Bxd5 cxd5 26. Be3 Qb5 27. b3
axb3 28. cxb3 Qa6 29. a4 Qf6 30. Bxf4 exf4 31. Nh3 Qa1+ 32. Kc2 Qa2+ 33. Kd3
Qxb3+ 34. Ke2 Rxa4 35. Qxd5 Ra2+ 36. Kf1 Qc2 0-1

[Event "Bielefelder SK 1 - Elberfelder SG 1"]
[Site "NRW-Klasse, Gruppe 1 2013/201"]
[Date "2013.12.08"]
[Round "4.5"]
[White "Kesseler, Heiko"]
[Black "Forchert, Niko"]
[Result "1/2-1/2"]
[WhiteElo "2024"]
[BlackElo "2123"]
[Annotator "Doe,John"]
[PlyCount "104"]
[EventDate "2013.??.??"]
[WhiteTeam "Elberfelder SG 1"]
[BlackTeam "Bielefelder SK 1"]

1. e4 d5 2. exd5 Qxd5 3. Nc3 Qd6 4. d4 c6 5. Nf3 Bg4 6. Be2 Nf6 7. O-O e6 8.
Bg5 Be7 9. Re1 O-O 10. Qd2 Rd8 11. Rad1 Nd5 12. Ne4 Qc7 13. c4 Bxf3 14. Bxf3
Bxg5 15. Qxg5 h6 16. Qe5 Nd7 17. Qd6 N7f6 18. Nxf6+ gxf6 19. Qa3 Nf4 20. Qe3
Kg7 21. Be4 Rac8 22. b3 Rd7 23. g3 Ng6 24. Bxg6 Kxg6 25. Qf3 f5 26. d5 cxd5 27.
cxd5 Rcd8 28. dxe6 Rxd1 29. Rxd1 Rxd1+ 30. Qxd1 fxe6 31. Qd2 Qc6 32. Qe3 a6 33.
a4 Qd5 $11 34. h3 Qc6 35. Qd2 Qe4 36. b4 Qb1+ 37. Kg2 Qe4+ 38. f3 Qc6 39. a5
Qc4 40. h4 Kh5 41. Qe1 Qa2+ 42. Kh3 Qc4 43. Kg2 Qa2+ 44. Kg1 Qb3 45. Qe2 Qd5
46. Kh2 Kg6 47. Qe3 Qa2+ 48. Kh3 Qc4 49. Kg2 Qc2+ 50. Kf1 Qc4+ 51. Kf2 Qa2+ 52.
Kg1 Qd5 1/2-1/2

[Event "Bielefelder SK 1 - Elberfelder SG 1"]
[Site "NRW-Klasse, Gruppe 1 2013/201"]
[Date "2013.12.08"]
[Round "4.6"]
[White "Danielmeier, Ralf"]
[Black "Fuchs, Thomas"]
[Result "1/2-1/2"]
[WhiteElo "2046"]
[BlackElo "1937"]
[PlyCount "41"]
[EventDate "2013.??.??"]
[WhiteTeam "Bielefelder SK 1"]
[BlackTeam "Elberfelder SG 1"]

1. e4 c5 2. Nc3 Nc6 3. g3 g6 4. Bg2 Bg7 5. d3 d6 6. Be3 e5 7. f4 exf4 8. Bxf4
Nge7 9. Nf3 O-O 10. O-O h6 11. Qd2 Kh7 12. Nd5 Nxd5 13. exd5 Nd4 14. Rae1 Nxf3+
15. Rxf3 Bg4 16. Rff1 Qd7 17. c3 Rad8 18. Be3 Bh3 19. d4 Bxg2 20. Kxg2 c4 21.
Kg1 1/2-1/2

[Event "Bielefelder SK 1 - Elberfelder SG 1"]
[Site "NRW-Klasse, Gruppe 1 2013/201"]
[Date "2013.12.08"]
[Round "4.7"]
[White "Kuehne, Marco"]
[Black "Gruettemeier, Uwe"]
[Result "1-0"]
[WhiteElo "2021"]
[BlackElo "2050"]
[PlyCount "63"]
[EventDate "2013.??.??"]
[WhiteTeam "Elberfelder SG 1"]
[BlackTeam "Bielefelder SK 1"]

1. d4 c6 2. Nf3 g6 3. c3 Bg7 4. Bf4 d6 5. Nbd2 Qc7 6. e4 e5 7. Bg3 Nd7 8. dxe5
dxe5 9. Nc4 b5 10. Qd6 Qxd6 11. Nxd6+ Ke7 12. Nxc8+ Rxc8 13. a4 a6 14. axb5
axb5 15. Ra7 f6 16. Bd3 Nh6 17. Ke2 Ra8 18. Rha1 Rxa7 19. Rxa7 Nf7 20. Nd2 Rb8
21. Nb3 Ke8 22. Na5 Nd8 23. Rc7 Ra8 24. b4 Bf8 25. Nxc6 Ra2+ 26. Kf3 Ne6 27.
Rc8+ Kf7 28. Nd8+ Nxd8 29. Rxd8 Ke7 30. Rc8 Kd6 31. Bxb5 Bh6 32. Rd8 1-0

[Event "Bielefelder SK 1 - Elberfelder SG 1"]
[Site "NRW-Klasse, Gruppe 1 2013/201"]
[Date "2013.12.08"]
[Round "4.8"]
[White "Klosterkamp, Jens-Joris"]
[Black "Podder, Michael"]
[Result "0-1"]
[WhiteElo "1800"]
[BlackElo "1888"]
[PlyCount "84"]
[EventDate "2013.??.??"]
[WhiteTeam "Bielefelder SK 1"]
[BlackTeam "Elberfelder SG 1"]

1. Nf3 d6 2. e4 g6 3. Nc3 Bg7 4. g3 Nd7 5. Bg2 Ngf6 6. d3 O-O 7. O-O a5 8. h3
c6 9. Be3 b5 10. Qd2 Rb8 11. Bh6 e5 12. Nh4 Nc5 13. Bxg7 Kxg7 14. f4 Nh5 15. f5
Nxg3 16. f6+ Kh8 17. Rf2 Rg8 18. Qg5 Nh5 19. Ne2 Ne6 20. Qh6 Qf8 21. Qd2 b4 22.
Raf1 c5 23. Kh2 Bd7 24. Bf3 Nhf4 25. Bg4 Qh6 26. Nxf4 exf4 27. Bxe6 Bxe6 28.
Rxf4 g5 29. Nf5 Qxf6 30. R4f2 Rg6 31. Kh1 Qxb2 32. Nxd6 Rf8 33. Nxf7+ Bxf7 34.
Rxf7 Rxf7 35. Rxf7 Qxa2 36. Rc7 Qe6 37. Kg2 Qe5 38. Rc8+ Rg8 39. Rc6 a4 40. Qf2
g4 41. h4 g3 42. Qf7 Qc3 0-1

[Event "SG Niederkassel 1 - Oberhausener SV 1"]
[Site "NRW-Klasse, Gruppe 1 2013/201"]
[Date "2014.01.12"]
[Round "5.1"]
[White "Becker, Marcel"]
[Black "Stanetzek, Carsten"]
[Result "1-0"]
[WhiteElo "2345"]
[BlackElo "2232"]
[Annotator "Doe,John"]
[PlyCount "81"]
[EventDate "2014.??.??"]
[WhiteTeam "Oberhausener SV 1"]
[BlackTeam "SG Niederkassel 1"]

1. d4 d5 2. c4 c6 3. Nf3 Nf6 4. Nc3 dxc4 5. a4 Bf5 6. e3 e6 7. Bxc4 Nbd7 8. O-O
Bb4 9. Qe2 O-O 10. e4 Bg6 11. Bd3 h6 12. Bf4 Re8 13. Rfd1 Rc8 14. e5 Nd5 15.
Nxd5 Bxd3 16. Rxd3 cxd5 17. Ne1 Rc4 18. Nc2 Qh4 $11 19. g3 Qe7 20. Ne3 Rc6 21.
Qh5 f5 22. g4 Qf7 23. Qxf7+ Kxf7 24. gxf5 a5 25. Bg3 Rec8 26. Rdd1 Nb6 27.
fxe6+ Kxe6 28. b3 Rc3 29. Rab1 Nd7 30. Ng2 g5 31. h4 Nb8 32. hxg5 hxg5 33. Ne3
Nc6 34. Kg2 Rh8 35. Kf3 Be7 36. Kg4 Rf8 37. Rh1 Nxd4 38. Rh6+ Kd7 39. Nxd5 Rd3
40. Rh7 Re8 41. Nf6+ 1-0

[Event "SG Niederkassel 1 - Oberhausener SV 1"]
[Site "NRW-Klasse, Gruppe 1 2013/201"]
[Date "2014.01.12"]
[Round "5.2"]
[White "Riedel, Holger"]
[Black "Kaufeld, Juergen"]
[Result "1/2-1/2"]
[WhiteElo "2192"]
[BlackElo "2295"]
[PlyCount "135"]
[EventDate "2014.??.??"]
[WhiteTeam "SG Niederkassel 1"]
[BlackTeam "Oberhausener SV 1"]

1. Nf3 Nf6 2. c4 e6 3. d4 Bb4+ 4. Nbd2 O-O 5. a3 Be7 6. g3 b6 7. Bg2 Bb7 8. O-O
c5 9. b3 cxd4 10. Nxd4 Bxg2 11. Kxg2 Qc8 12. Bb2 Nc6 13. N2f3 Nxd4 14. Qxd4 Qb7
15. Rfd1 Rfd8 16. Kg1 d5 17. Rac1 Bc5 18. Qh4 Be7 19. Ne5 Rac8 20. cxd5 Rxd5
21. Rxc8+ Qxc8 22. Rxd5 Nxd5 23. Qa4 a5 24. Nc6 Bf8 25. Qc4 Qb7 26. a4 Bc5 27.
Qg4 f5 28. Qg5 Bf8 29. Ne5 Qc7 30. Nc4 Qd7 31. h4 h6 32. Qd2 Be7 33. Ne5 Qc7
34. Ng6 Bc5 35. Be5 Bd6 36. Bxd6 Qxd6 37. Nf4 Qe5 38. Nxd5 exd5 39. Qd3 Qa1+
40. Kg2 Qe5 41. Qb5 Qe6 42. e3 Qe4+ 43. Kh2 Qe6 44. Kg1 Kf7 45. Kf1 Qd6 46. Ke2
Kf6 47. Kd3 Qe6 48. Kd2 Qd6 49. Qe8 d4 50. Ke2 d3+ 51. Kd2 Qb4+ 52. Kxd3 Qxb3+
53. Ke2 Qc4+ 54. Kd2 Qa2+ 55. Ke1 Qb1+ 56. Ke2 Qc2+ 57. Ke1 Qc3+ 58. Ke2 Qb2+
59. Ke1 Qc3+ 60. Ke2 Qc4+ 61. Ke1 Qe4 62. Qd8+ Kf7 63. Qc7+ Kg8 64. Qxb6 Qxa4
65. Qe6+ Kh8 66. Qc8+ Kh7 67. Qxf5+ Kh8 68. Qf8+ 1/2-1/2

[Event "SG Niederkassel 1 - Oberhausener SV 1"]
[Site "NRW-Klasse, Gruppe 1 2013/201"]
[Date "2014.01.12"]
[Round "5.3"]
[White "Litwak, Aleksej"]
[Black "Mende, Andreas"]
[Result "1-0"]
[WhiteElo "2230"]
[BlackElo "2135"]
[PlyCount "93"]
[EventDate "2014.??.??"]
[WhiteTeam "Oberhausener SV 1"]
[BlackTeam "SG Niederkassel 1"]

1. e4 c5 2. Nf3 Nc6 3. d4 cxd4 4. Nxd4 Nf6 5. Nc3 e5 6. Ndb5 d6 7. Bg5 a6 8.
Na3 b5 9. Nd5 Be7 10. Bxf6 Bxf6 11. c3 Bg5 12. Nc2 O-O 13. a4 bxa4 14. Rxa4 a5
15. Bc4 Rb8 16. b3 Kh8 17. Nce3 g6 18. h4 Bxh4 19. g3 Bg5 20. f4 exf4 21. gxf4
Bh4+ 22. Kd2 Ne7 23. Ra2 Nxd5 24. Nxd5 f5 25. Kc1 Bf6 26. Qg1 Qe8 27. Rah2 Rb7
28. Nxf6 Rxf6 29. Qd4 Qf8 30. Ba6 h5 31. Bxb7 Bxb7 32. Rg1 Kh7 33. exf5 Rxf5
34. Rf2 d5 35. Kb2 Qd6 36. Rg5 Bc8 37. Rxf5 Bxf5 38. Rd2 Qc7 39. Qxd5 Qxf4 40.
Qf7+ Kh6 41. Qf8+ Kg5 42. Qe7+ Kg4 43. Rd4 g5 44. Qe2+ Kg3 45. Rxf4 gxf4 46.
Qxh5 Bg4 47. Qe5 1-0

[Event "SG Niederkassel 1 - Oberhausener SV 1"]
[Site "NRW-Klasse, Gruppe 1 2013/201"]
[Date "2014.01.12"]
[Round "5.4"]
[White "Rybarczyk, Klaus"]
[Black "Ciornei, Dragos"]
[Result "1-0"]
[WhiteElo "2129"]
[BlackElo "2123"]
[PlyCount "119"]
[EventDate "2014.??.??"]
[WhiteTeam "SG Niederkassel 1"]
[BlackTeam "Oberhausener SV 1"]

1. d4 Nf6 2. c4 g6 3. Nc3 Bg7 4. e4 O-O 5. Be3 d6 6. f3 e5 7. d5 Nh5 8. Qd2 f5
9. exf5 gxf5 10. O-O-O a6 11. Kb1 Nd7 12. Nh3 Ndf6 13. Bh6 Qe8 14. Bxg7 Nxg7
15. Bd3 Bd7 16. Nf2 b5 17. Rhg1 b4 18. Ne2 e4 19. Nd4 exd3 20. Nxd3 a5 21. Nf4
Qf7 22. Rdf1 Nfh5 23. Nd3 Qf6 24. Nc1 f4 25. g4 fxg3 26. hxg3 Qg6+ 27. Ka1 a4
28. Qxb4 a3 29. b3 Rfe8 30. g4 Nf4 31. Qd2 Rf8 32. Rh1 Qf6 33. Rh2 Be8 34. g5
Qxg5 35. Nce2 Bg6 36. Nc3 Rae8 37. Ndb5 Re7 38. Nxa3 Qf6 39. Nab5 Rfe8 40. Qd4
Qg5 41. a4 Nf5 42. Qd2 Ne3 43. Rfh1 Nc2+ 44. Ka2 Nb4+ 45. Ka3 Nc2+ 46. Ka2 Nb4+
47. Ka3 Nbd3 48. Rh4 Qf6 49. Rg4 Qe5 50. Ne4 Rg7 51. Rhg1 Ree7 52. Rg5 Bf5 53.
b4 Rxg5 54. Rxg5+ Kf7 55. Rxf5+ Qxf5 56. Nbxd6+ cxd6 57. Nxd6+ Kg6 58. Nxf5
Kxf5 59. a5 Rc7 60. c5 1-0

[Event "SG Niederkassel 1 - Oberhausener SV 1"]
[Site "NRW-Klasse, Gruppe 1 2013/201"]
[Date "2014.01.12"]
[Round "5.5"]
[White "Nissen, Claus"]
[Black "Broehl, Stephan"]
[Result "0-1"]
[WhiteElo "2133"]
[BlackElo "2120"]
[PlyCount "124"]
[EventDate "2014.??.??"]
[WhiteTeam "Oberhausener SV 1"]
[BlackTeam "SG Niederkassel 1"]

1. d4 d5 2. c4 c6 3. Nf3 Nf6 4. Nbd2 Bf5 5. Nh4 Be4 6. f3 Bg6 7. e3 e6 8. a3
Nbd7 9. Nxg6 hxg6 10. Bd3 Bd6 11. f4 c5 12. cxd5 exd5 13. Nf3 O-O 14. O-O Qb6
15. Rb1 Ne4 16. Bxe4 dxe4 17. Ne5 Nf6 18. b4 cxb4 19. Bd2 a5 20. axb4 a4 21.
Nc4 Qd8 22. b5 Be7 23. Ra1 a3 24. Qb1 Qc7 25. Rc1 Qb8 26. Qb3 g5 27. Rf1 gxf4
28. Rxf4 Qa7 29. Rff1 Rfd8 30. Ne5 Rf8 31. Ng6 Rfe8 32. Nxe7+ Rxe7 33. Bb4 Rd7
34. Rxa3 Qb8 35. Be1 Qf8 36. Bb4 Qc8 37. h3 Nd5 38. Bd2 Rxa3 39. Qxa3 Rc7 40.
Qd6 Rd7 41. Qe5 Nf6 42. Rc1 Qd8 43. Qc5 Nd5 44. Qc8 g6 45. Ba5 Qxc8 46. Rxc8+
Kg7 47. Kf2 b6 48. Bd2 Nc7 49. Bb4 Nd5 50. Bf8+ Kh7 51. Re8 f5 52. Re5 Kg8 53.
Bh6 Kf7 54. Bg5 Nb4 55. g4 Nd3+ 56. Kg3 Nxe5 57. dxe5 Rd5 58. Kf4 Ke6 59. gxf5+
gxf5 60. Bf6 Rxb5 61. h4 Rb1 62. Kg3 Rg1+ 0-1

[Event "SG Niederkassel 1 - Oberhausener SV 1"]
[Site "NRW-Klasse, Gruppe 1 2013/201"]
[Date "2014.01.12"]
[Round "5.6"]
[White "Bussard, Christian"]
[Black "Soehnchen, Andreas"]
[Result "1-0"]
[WhiteElo "2117"]
[BlackElo "2133"]
[PlyCount "117"]
[EventDate "2014.??.??"]
[WhiteTeam "SG Niederkassel 1"]
[BlackTeam "Oberhausener SV 1"]

1. e4 c6 2. d4 d5 3. f3 Qb6 4. Nc3 dxe4 5. fxe4 e5 6. Nf3 exd4 7. Qxd4 Qxd4 8.
Nxd4 Bc5 9. Be3 Nf6 10. O-O-O Bg4 11. Re1 Nbd7 12. e5 Nxe5 13. Nxc6 Bxe3+ 14.
Rxe3 bxc6 15. Rxe5+ Kd7 16. Bc4 Rhe8 17. Rhe1 Rxe5 18. Rxe5 Be6 19. Bxe6+ fxe6
20. Ra5 Kc7 21. Na4 Nd7 22. Kd2 Nb6 23. Nxb6 Kxb6 24. Rg5 Rd8+ 25. Ke2 Rd7 26.
Re5 Re7 27. Re3 Kc7 28. Rd3 Rf7 29. Rf3 Rd7 30. h3 h6 31. g4 Re7 32. Rf8 Kd6
33. Rd8+ Ke5 34. Rc8 Kd6 35. b3 Rf7 36. a4 Kc5 37. Re8 Kd5 38. Rd8+ Kc5 39. Rb8
a5 40. c3 g5 41. Ra8 Kb6 42. Re8 Rf6 43. Rd8 Kc7 44. Rh8 Kb6 45. Rh7 Kc5 46.
Ra7 Kb6 47. Rd7 Kc5 48. Re7 Kb6 49. Rh7 Kc5 50. Ke3 Kd6 51. Rh8 Kc5 52. Ke4 Kd6
53. Rd8+ Kc7 54. Rd3 h5 55. Ke5 Rh6 56. gxh5 Rxh5 57. Kxe6 Rh4 58. Kf5 c5 59.
c4 1-0

[Event "SG Niederkassel 1 - Oberhausener SV 1"]
[Site "NRW-Klasse, Gruppe 1 2013/201"]
[Date "2014.01.12"]
[Round "5.7"]
[White "Voge, Andreas"]
[Black "Schracke, Guido"]
[Result "0-1"]
[WhiteElo "2078"]
[BlackElo "2083"]
[Annotator "Doe,John"]
[PlyCount "72"]
[EventDate "2014.??.??"]
[WhiteTeam "Oberhausener SV 1"]
[BlackTeam "SG Niederkassel 1"]

1. e4 c5 2. Nf3 Nc6 3. d4 cxd4 4. Nxd4 e5 5. Nb5 a6 6. Nd6+ Bxd6 7. Qxd6 Qf6 8.
Qd1 Qg6 9. Nc3 Nge7 10. h4 h5 11. Bg5 d5 12. exd5 Nb4 13. Bxe7 Kxe7 14. Bd3
Nxd3+ 15. Qxd3 Bf5 16. d6+ Kf8 17. Qd5 Rd8 18. O-O-O Bxc2 19. Rd2 Bf5 20. Qxe5
Kg8 21. Re1 Kh7 22. Ne4 f6 23. Qd5 Rhe8 24. f3 Re6 $11 25. d7 Rc6+ 26. Kd1 Rxd7
27. Qa5 Rdc7 28. Nc3 b5 29. Ree2 Qg3 30. a4 Rc5 31. Rd4 Qh2 32. Rdd2 Qxh4 33.
axb5 axb5 34. Rd5 Rxd5+ 35. Nxd5 Qd4+ 36. Qd2 Bc2+ 0-1

[Event "SG Niederkassel 1 - Oberhausener SV 1"]
[Site "NRW-Klasse, Gruppe 1 2013/201"]
[Date "2014.01.12"]
[Round "5.8"]
[White "Guelsen, Taylan"]
[Black "Limberg, Matthias"]
[Result "1-0"]
[WhiteElo "2000"]
[BlackElo "2018"]
[Annotator "Doe,John"]
[PlyCount "109"]
[EventDate "2014.??.??"]
[WhiteTeam "SG Niederkassel 1"]
[BlackTeam "Oberhausener SV 1"]

1. Nf3 d5 2. c4 c6 3. b3 Nf6 4. g3 Bf5 5. Bg2 e6 6. O-O h6 7. Bb2 Be7 8. d3 O-O
9. Nbd2 a5 10. a3 Na6 11. Ra2 Qb6 12. Qa1 Rfc8 13. Bc3 Qd8 14. Re1 Nc5 15. Rb1
Bh7 16. Bd4 b5 17. b4 axb4 18. axb4 Rxa2 $11 19. Qxa2 Na4 20. c5 Nd7 21. Nb3
Bf6 22. Qa1 Ra8 23. Bxf6 Qxf6 24. Qxf6 gxf6 25. Ra1 Ra6 26. Nfd4 f5 27. f4 Kf8
28. Kf2 Ke8 29. Na5 Nb8 30. Ndb3 Kd7 31. Nb7 Ra7 32. Nd6 Bg6 33. Nd4 Na6 34.
N6xb5 cxb5 35. c6+ Kd8 36. Nxb5 Ra8 37. Rxa4 Nc7 38. Rxa8+ Nxa8 39. Ke3 Nc7 40.
Nxc7 Kxc7 41. b5 Kb6 42. Kd4 f6 43. Kc3 Bh7 44. Kb4 Bg6 45. Bf3 Be8 46. d4 Bf7
47. e3 Be8 48. Be2 Bf7 49. c7 Kxc7 50. Kc5 Be8 51. b6+ Kb7 52. Bb5 Bh5 53. Bc6+
Ka6 54. Bd7 Bf7 55. Kc6 1-0

[Event "SF Lieme 1 - SG Bochum 2"]
[Site "NRW-Klasse, Gruppe 1 2013/201"]
[Date "2014.01.12"]
[Round "5.2"]
[White "Wittke, Rene"]
[Black "Dahm, Jochen"]
[Result "1-0"]
[WhiteElo "2145"]
[BlackElo "2248"]
[PlyCount "65"]
[EventDate "2014.??.??"]
[WhiteTeam "SF Lieme 1"]
[BlackTeam "SG Bochum 2"]

1. d4 Nf6 2. Nf3 c5 3. Nc3 cxd4 4. Qxd4 Nc6 5. Qh4 d5 6. Bg5 Qa5 7. O-O-O Be6
8. a3 Rd8 9. e3 a6 10. Be2 Nd7 11. e4 dxe4 12. Nxe4 f6 13. Rhe1 Nde5 14. Bd2
Qc7 15. Nc5 Bf5 16. Nxe5 Nxe5 17. Qa4+ Kf7 18. f4 Qxc5 19. fxe5 e6 20. exf6
gxf6 21. Kb1 Be7 22. Qb3 Rc8 23. Bc3 h5 24. Rd7 Qc6 25. Qxb7 Qxb7 26. Rxb7 a5
27. Ka1 Be4 28. Bxh5+ Rxh5 29. Rxe4 Rxh2 30. Bxa5 f5 31. Re2 Kf6 32. Rb6 Kg5
33. Rbxe6 1-0

[Event "SF Lieme 1 - SG Bochum 2"]
[Site "NRW-Klasse, Gruppe 1 2013/201"]
[Date "2014.01.12"]
[Round "5.3"]
[White "Tkachuk, Konstantyn"]
[Black "Essing, Arnold"]
[Result "1-0"]
[WhiteElo "2195"]
[BlackElo "2160"]
[PlyCount "107"]
[EventDate "2014.??.??"]
[WhiteTeam "SG Bochum 2"]
[BlackTeam "SF Lieme 1"]

1. e4 Nf6 2. e5 Nd5 3. d4 d6 4. c4 Nb6 5. exd6 exd6 6. Bd3 Nc6 7. Ne2 Nb4 8.
O-O Nxd3 9. Qxd3 Be7 10. f4 d5 11. c5 Nd7 12. f5 O-O 13. Nbc3 c6 14. Bf4 Re8
15. Rae1 a5 16. a3 a4 17. Qc2 b5 18. Na2 Nf8 19. Nb4 Bd7 20. Be5 Bg5 21. Ng3 f6
22. Bd6 Be3+ 23. Rxe3 Rxe3 24. Qf2 Qe8 25. Nc2 Re4 26. h3 Qf7 27. Nxe4 dxe4 28.
Re1 Re8 29. Ne3 Qb3 30. g4 h6 31. Kh2 Nh7 32. h4 Ra8 33. Qc2 Qa2 34. Nd1 b4 35.
axb4 a3 36. Re2 Qd5 37. bxa3 Rxa3 38. Qxe4 Qb3 39. Nf2 Ra8 40. Nd3 Re8 41. Qf3
Rxe2+ 42. Qxe2 h5 43. gxh5 Qd5 44. Nf4 Qb3 45. h6 Qf7 46. Qg2 Bxf5 47. Qxc6
gxh6 48. Qd5 Qxd5 49. Nxd5 Kf7 50. b5 Ke6 51. Nb4 Be4 52. b6 f5 53. d5+ Kd7 54.
b7 1-0

[Event "SF Lieme 1 - SG Bochum 2"]
[Site "NRW-Klasse, Gruppe 1 2013/201"]
[Date "2014.01.12"]
[Round "5.4"]
[White "Himpenmacher, Andy"]
[Black "Schlawin, Marlon"]
[Result "1/2-1/2"]
[WhiteElo "2045"]
[BlackElo "2234"]
[PlyCount "114"]
[EventDate "2014.??.??"]
[WhiteTeam "SF Lieme 1"]
[BlackTeam "SG Bochum 2"]

1. e4 e6 2. d4 d5 3. Nd2 Nf6 4. Bd3 c5 5. e5 Nfd7 6. c3 b6 7. Ne2 Ba6 8. Bxa6
Nxa6 9. f4 Qc7 10. O-O g6 11. Kh1 Be7 12. Nf3 Qb7 13. Be3 cxd4 14. Nexd4 Nac5
15. Qe2 Ne4 16. Rac1 Rc8 17. c4 O-O 18. cxd5 Qxd5 19. Bg1 a5 20. Rfd1 Rxc1 21.
Rxc1 Ndc5 22. b3 f6 23. exf6 Rxf6 24. Be3 Bd6 25. g3 h6 26. Kg1 g5 27. fxg5
hxg5 28. Qc4 Qxc4 29. Rxc4 e5 30. Nxg5 exd4 31. Nxe4 Nxe4 32. Bxd4 Bc5 33. Bxc5
Nxc5 34. b4 axb4 35. Rxb4 Kf7 36. Kg2 Nd7 37. g4 Rc6 38. Kg3 Ke6 39. h4 Rc3+
40. Kf4 Ra3 41. Rb2 Ra4+ 42. Kg5 Kf7 43. h5 Ra5+ 44. Kh4 Rd5 45. Rb4 Rc5 46. a4
Rc6 47. Rb5 Rc5 48. Rb4 Kf6 49. Rf4+ Kg7 50. Rb4 Kh6 51. Rd4 Ne5 52. Rd6+ Kg7
53. Rxb6 Rc4 54. h6+ Kh7 55. Kh5 Rxg4 56. Rb7+ Kh8 57. Rb8+ Kh7 1/2-1/2

[Event "SF Lieme 1 - SG Bochum 2"]
[Site "NRW-Klasse, Gruppe 1 2013/201"]
[Date "2014.01.12"]
[Round "5.5"]
[White "Kitte, Sebastian"]
[Black "Schaffarczyk, Andre"]
[Result "1/2-1/2"]
[WhiteElo "2248"]
[BlackElo "2027"]
[PlyCount "50"]
[EventDate "2014.??.??"]
[WhiteTeam "SG Bochum 2"]
[BlackTeam "SF Lieme 1"]

1. d4 d5 2. c4 e6 3. Nc3 Nf6 4. Bg5 Be7 5. cxd5 exd5 6. e3 c6 7. Bd3 O-O 8. Qc2
Nbd7 9. Nge2 Re8 10. O-O Nf8 11. f3 g6 12. Kh1 Ne6 13. Bh4 Nh5 14. Bf2 Bf8 15.
Rae1 Bg7 16. h3 Qf6 17. f4 Qe7 18. f5 Nf8 19. g4 Nf6 20. Ng3 Qd6 21. g5 N6d7
22. e4 Qf4 23. Qc1 Qf3+ 24. Kh2 Qxd3 25. exd5 Rxe1 1/2-1/2

[Event "SF Lieme 1 - SG Bochum 2"]
[Site "NRW-Klasse, Gruppe 1 2013/201"]
[Date "2014.01.12"]
[Round "5.7"]
[White "Mazarov, Juergen"]
[Black "Stork, Holger"]
[Result "1/2-1/2"]
[WhiteElo "2126"]
[BlackElo "1991"]
[PlyCount "76"]
[EventDate "2014.??.??"]
[WhiteTeam "SG Bochum 2"]
[BlackTeam "SF Lieme 1"]

1. e4 d5 2. exd5 Qxd5 3. Nc3 Qd6 4. d4 Nf6 5. Be2 c6 6. Nf3 Bf5 7. Be3 e6 8.
Qd2 Qc7 9. Bf4 Bd6 10. Bxd6 Qxd6 11. Nh4 Bg6 12. O-O-O Nbd7 13. Nxg6 hxg6 14.
g3 O-O-O 15. f4 Nb6 16. Qe3 Nbd5 17. Nxd5 exd5 18. Bd3 Rde8 19. Qf3 Re7 20. h4
Rhe8 21. Qf2 Ne4 22. Qg2 Qf6 23. c3 Qf5 24. Rde1 Qg4 25. Re3 Nf6 26. Rxe7 Rxe7
27. Kd2 Ne4+ 28. Bxe4 Rxe4 29. Qf2 Qe6 30. h5 Qg4 31. hxg6 Qxg6 32. Rh8+ Kc7
33. Qf3 f5 34. Rh5 Qe6 35. Rh7 Qg6 36. Rh5 Qe6 37. Rg5 Kb6 38. Rh5 Kc7 1/2-1/2

[Event "SF Lieme 1 - SG Bochum 2"]
[Site "NRW-Klasse, Gruppe 1 2013/201"]
[Date "2014.01.12"]
[Round "5.8"]
[White "Schulte, Oliver"]
[Black "Tkachuk, Sergij"]
[Result "0-1"]
[WhiteElo "1993"]
[BlackElo "2176"]
[Annotator "Doe,John"]
[PlyCount "94"]
[EventDate "2014.??.??"]
[WhiteTeam "SF Lieme 1"]
[BlackTeam "SG Bochum 2"]

1. d4 Nf6 2. Nf3 g6 3. Bg5 Bg7 4. Nbd2 d5 5. e3 O-O 6. Bxf6 Bxf6 7. h4 Nd7 8.
c3 e5 9. dxe5 Nxe5 10. Nxe5 Bxe5 11. Bd3 Bg7 12. Qf3 h5 13. g3 Bg4 14. Qg2 Qd7
15. f3 Bf5 16. Bxf5 Qxf5 17. e4 dxe4 18. Nxe4 Rad8 19. O-O Rd5 20. Rfd1 Rfd8
21. Qf1 Qd7 22. Rxd5 Qxd5 23. Kg2 $11 c6 24. Qe2 Kf8 25. a3 Bh6 26. Re1 Qd3 27.
Qxd3 Rxd3 28. Kf2 b6 29. Re2 f5 30. Ng5 Bxg5 31. hxg5 Kf7 32. f4 Rd1 33. Kg2 b5
34. Kh3 Rd6 35. Kg2 Re6 36. Rd2 Ke7 37. Kf2 Re4 38. Kf3 a5 39. b3 a4 40. b4 Re1
41. Re2+ Rxe2 42. Kxe2 Kd6 43. Ke3 c5 44. Kd3 cxb4 45. axb4 Kd5 46. c4+ bxc4+
47. Kc3 a3 0-1

[Event "PSV Duisburg 1 - SF Katernberg 2"]
[Site "NRW-Klasse, Gruppe 1 2013/201"]
[Date "2014.01.12"]
[Round "5.1"]
[White "Scholz, Christian"]
[Black "Schiffer, Kai-Uwe"]
[Result "0-1"]
[WhiteElo "2356"]
[BlackElo "2219"]
[Annotator "Doe,John"]
[PlyCount "60"]
[EventDate "2014.??.??"]
[WhiteTeam "SF Katernberg 2"]
[BlackTeam "PSV Duisburg 1"]

1. d4 d5 2. c4 e6 3. Nc3 c5 4. cxd5 exd5 5. Nf3 Nc6 6. g3 Nf6 7. Bg2 Be7 8. O-O
O-O 9. dxc5 Bxc5 10. b3 a6 11. Bb2 d4 12. Na4 Ba7 13. Rc1 Re8 14. Ba3 Ne4 15.
Qd3 Qa5 16. Nh4 f5 17. Bc5 Nxc5 18. Nxc5 Bxc5 19. Qc4+ Kh8 20. Qxc5 Qxc5 21.
Rxc5 Rxe2 22. a3 Be6 23. Nxf5 $11 Rd8 24. b4 g6 25. Nh4 d3 26. Bf3 Nd4 27. Kg2
Nxf3 28. Kxf3 Bd5+ 29. Kg4 d2 30. Rc3 Re1 0-1

[Event "PSV Duisburg 1 - SF Katernberg 2"]
[Site "NRW-Klasse, Gruppe 1 2013/201"]
[Date "2014.01.12"]
[Round "5.2"]
[White "Schmitz, Joachim"]
[Black "Hoolt, Sarah"]
[Result "1/2-1/2"]
[WhiteElo "2232"]
[BlackElo "2294"]
[PlyCount "63"]
[EventDate "2014.??.??"]
[WhiteTeam "PSV Duisburg 1"]
[BlackTeam "SF Katernberg 2"]

1. Nf3 Nf6 2. g3 g6 3. b3 Bg7 4. Bb2 d6 5. d4 c5 6. Bg2 O-O 7. O-O Na6 8. c4
Bg4 9. h3 Bd7 10. Nc3 Rb8 11. e4 cxd4 12. Nxd4 Qa5 13. Qe2 Nc7 14. Rfd1 a6 15.
a3 b5 16. Nd5 Nfxd5 17. cxd5 e5 18. dxe6 fxe6 19. Nf3 Qb6 20. Bxg7 Kxg7 21. Qd2
Ne8 22. e5 Rd8 23. exd6 Bc8 24. Qe2 Nxd6 25. Nd4 Nf7 26. Nc6 Rde8 27. Ne5 Kg8
28. Nd7 Bxd7 29. Rxd7 Qc5 30. b4 Qc3 31. Qe1 Qb2 32. Rd2 1/2-1/2

[Event "PSV Duisburg 1 - SF Katernberg 2"]
[Site "NRW-Klasse, Gruppe 1 2013/201"]
[Date "2014.01.12"]
[Round "5.3"]
[White "Rosen, Bernd"]
[Black "Wengenroth, Walter"]
[Result "1-0"]
[WhiteElo "2241"]
[BlackElo "2207"]
[PlyCount "75"]
[EventDate "2014.??.??"]
[WhiteTeam "SF Katernberg 2"]
[BlackTeam "PSV Duisburg 1"]

1. Nf3 d5 2. g3 c6 3. Bg2 Bg4 4. c4 e6 5. cxd5 exd5 6. d3 Nd7 7. Nc3 Bc5 8. O-O
Ne7 9. Qa4 Bxf3 10. Bxf3 a5 11. Bg2 O-O 12. Qc2 Ba7 13. a3 Re8 14. Rb1 Nf5 15.
b4 axb4 16. axb4 Qe7 17. Rb2 Qf6 18. Ra2 Ne5 19. Nd1 Nd4 20. Qb2 Nb5 21. Qd2 d4
22. Ra5 Bb6 23. Rxa8 Rxa8 24. h3 Qe7 25. f4 Nd7 26. Qe1 Ra1 27. Qd2 Nc3 28. Bf3
Qxb4 29. Kg2 Ra2 30. Qe1 Nc5 31. Bd2 Nxd3 32. exd3 Nb1 33. Rf2 Rxd2 34. Qe8+
Qf8 35. Qd7 Qa8 36. f5 f6 37. Qe6+ Kh8 38. Qb3 1-0